Taxonomía de los objetivos de la educación (Record no. 128814)

MARC details
000 -LEADER
campo de control de longitud fija 00829nam a2200229 i 4500
001 - NÚMERO DE CONTROL
campo de control 128814
003 - IDENTIFICADOR DE NÚMERO DE CONTROL
campo de control ES-MaACL
005 - FECHA Y HORA DE LA ÚLTIMA TRANSACCIÓN
campo de control 20250828032707.0
007 - CAMPO FIJO DE DESCRIPCIÓN FÍSICA--INFORMACIÓN GENERAL
campo de control de longitud fija t|
008 - DATOS DE LONGITUD FIJA--INFORMACIÓN GENERAL
campo de control de longitud fija 070528s19721973sp ||||1| spa d
080 ## - NÚMERO DE LA CLASIFICACIÓN DECIMAL UNIVERSAL
Número de la Clasificación Decimal Universal 37.012
080 ## - NÚMERO DE LA CLASIFICACIÓN DECIMAL UNIVERSAL
Número de la Clasificación Decimal Universal 37.015.3
245 00 - MENCIÓN DEL TÍTULO
Título Taxonomía de los objetivos de la educación
Resto del título : clasificación de las metas educativas /
Mención de responsabilidad, etc. Benjamín S. Bloom, Max D. Engelhart, Edward J. Furst ; versión de Isaías Acarreta Arnedo.
260 ## - PUBLICACIÓN, DISTRIBUCIÓN, ETC.
Lugar de publicación, distribución, etc. Alcoy :
Nombre del editor, distribuidor, etc. Marfil,
Fecha de publicación, distribución, etc. 1972-73.
300 ## - DESCRIPCIÓN FÍSICA
Extensión 2 v. ;
Dimensiones 21 cm.
505 8# - NOTA DE CONTENIDO CON FORMATO
Nota de contenido con formato Contiene: v. I.-- Ámbito del conocimiento.-- v. II.--Ámbito de la afectividad
650 #4 - PUNTO DE ACCESO ADICIONAL DE MATERIA--TÉRMINO DE MATERIA
Término de materia o nombre geográfico como elemento de entrada Educación-
Subdivisión general Fines y objetivos
9 (RLIN) 12081
700 1# - ENTRADA AGREGADA--NOMBRE PERSONAL
Nombre de persona Bloom, Benjamin S.
9 (RLIN) 29558
700 1# - ENTRADA AGREGADA--NOMBRE PERSONAL
Nombre de persona Acarreta Arnedo, Isaías,
9 (RLIN) 18202
852 ## - LOCALIZACIÓN
Ubicación ES-MaACL
Número de control de estantería C-52086-87
Holdings
Estatus retirado Estado de pérdida Estado de daño No para préstamo Biblioteca de origen Biblioteca actual Ubicación en estantería Fecha de adquisición Fuente de adquisición Total de préstamos Signatura topográfica completa Código de barras Visto por última vez Precio de reemplazo Tipo de ítem Koha
        Biblioteca del Ateneo de Madrid Biblioteca del Ateneo de Madrid Depósito 2 17/01/2008     C-52086-87 1134148 23/02/2023 23/02/2023 Libro impreso